000
00262 a2200133 4500
001
155787
040
_c
Escola São Tomás de Aquino
100
_a
ZATZ, Lia
240
1
0
_a
Tarsila
_l
por
245
1
0
_a
Tarsila
362
0
_a
1995
697
_a
Artes
942
_c
BK
999
_c
155787
_d
155787